| 000 | 01100nam a2200373 i 4500 | ||
|---|---|---|---|
| 001 | 43654 | ||
| 003 | KOSZ 005 | ||
| 005 | 20221215143649.0 | ||
| 008 | 031203s2003 pl a f |000 0 pol | ||
| 015 | _aPB 2003/20981 | ||
| 020 | _a8372513805 | ||
| 040 |
_aWA N _cWA N _dKOSZ 005/HR |
||
| 041 | 0 | _apol | |
| 080 | _a005.44 | ||
| 080 | _a005.51 | ||
| 080 | _a658.1/.5 | ||
| 080 | _a(07) | ||
| 100 | 1 |
_aPenc, Józef _d(1939-2017) _eAutor |
|
| 245 | 1 | 0 |
_aZarządzanie w warunkach globalizacji / _cJózef Penc. |
| 260 |
_aWarszawa : _b"Difin", _c2003. |
||
| 300 |
_a248 s. : _bil. ; _c23 cm. |
||
| 336 |
_2rdacontent _aTekst _btxt |
||
| 337 |
_2rdamedia _aBez urządzenia pośredniczącego _bn |
||
| 338 |
_2rdacarrier _aWolumin _bnc |
||
| 380 | _aKsiążki | ||
| 388 | _a2001- | ||
| 650 | 4 | _aGlobalizacja | |
| 650 | 4 | _aZarządzanie | |
| 655 | 4 | _aPodręcznik | |
| 658 | _aZarządzanie i marketing | ||
| 710 | 2 |
_aDifin _4pbl. |
|
| 856 |
_uhttp://koha.tu.koszalin.pl/cgi-bin/koha/opac-detail.pl?biblionumber=43654 _yKatalog online BPK |
||
| 942 |
_2UKD _cKS |
||
| 999 |
_c43654 _d43654 |
||